Illustrations of the manners, customs, and condition of the North American Indians / (Record no. 43464)
[ view plain ]
| 000 -LEADER | |
|---|---|
| campo de control de longitud fija | 00497nam a2200157 i 4500 |
| 001 - NÚMERO DE CONTROL | |
| campo de control | 43464 |
| 003 - IDENTIFICADOR DE NÚMERO DE CONTROL | |
| campo de control | ES-MaACL |
| 005 - FECHA Y HORA DE LA ÚLTIMA TRANSACCIÓN | |
| campo de control | 20230906160811.0 |
| 007 - CAMPO FIJO DE DESCRIPCIÓN FÍSICA--INFORMACIÓN GENERAL | |
| campo de control de longitud fija | t| |
| 008 - DATOS DE LONGITUD FIJA--INFORMACIÓN GENERAL | |
| campo de control de longitud fija | 030317s1857 xxk ||||1| eng d |
| 100 1# - ENTRADA PRINCIPAL--NOMBRE DE PERSONA | |
| Nombre de persona | Catlin, Geo. |
| 9 (RLIN) | 37072 |
| 245 10 - MENCIÓN DEL TÍTULO | |
| Título | Illustrations of the manners, customs, and condition of the North American Indians / |
| Mención de responsabilidad, etc. | by Geo Catlin. |
| 260 ## - PUBLICACIÓN, DISTRIBUCIÓN, ETC. | |
| Lugar de publicación, distribución, etc. | London : |
| Nombre del editor, distribuidor, etc. | Henry G. Bohn, |
| Fecha de publicación, distribución, etc. | 1857 ( |
| Fabricante | J.E. Adlard) |
| 300 ## - DESCRIPCIÓN FÍSICA | |
| Extensión | 2 v., 312 lám., 3 map. ; |
| Dimensiones | 26 cm. |
| 852 ## - LOCALIZACIÓN | |
| Ubicación | ES-MaACL |
| Número de control de estantería | G-7890-91 |
| Estatus retirado | Estado de pérdida | Estado de daño | No para préstamo | Colección | Biblioteca de origen | Biblioteca actual | Ubicación en estantería | Fecha de adquisición | Fuente de adquisición | Total de préstamos | Signatura topográfica completa | Código de barras | Visto por última vez | Precio de reemplazo | Tipo de ítem Koha |
|---|---|---|---|---|---|---|---|---|---|---|---|---|---|---|---|
| Libros del s. XIX | Biblioteca del Ateneo de Madrid | Biblioteca del Ateneo de Madrid | Sala Pecera Planta 3 | 17/01/2008 | G-7890-91 | 1045755 | 23/02/2023 | 23/02/2023 | Libro impreso antiguo |
